000 00277nam a22001217a 4500
008 171208b xxu||||| |||| 00| 0 eng d
041 _aeng
080 _a617
100 _a27
101 _aORT
245 _aLECTURES ON DISEASES OF THE SPINAL CORD
_cMARIE, P
942 _2udc
_cBK
999 _c38828
_d38828